|
|
|
|
| LEADER |
00000nam2a2200000 4500 |
| 001 |
313843 |
| 005 |
20231102002622.0 |
| 010 |
|
|
|b 1150 экз.
|
| 035 |
|
|
|a (RuTPU)RU\TPU\book\339234
|
| 035 |
|
|
|a RU\TPU\book\339232
|
| 090 |
|
|
|a 313843
|
| 100 |
|
|
|a 20160203d1935 k y0rusy50 ca
|
| 101 |
0 |
|
|a rus
|
| 102 |
|
|
|a RU
|
| 105 |
|
|
|a b z 000zy
|
| 200 |
0 |
|
|a № 10: Геологическая съемка местности между г. Сретенском и Букачачинским угольным месторождением
|f П. М. Клевенский
|g Главное геолого-гидро-геодезическое управление (ГГГГУ)
|
| 210 |
|
|
|a Новосибирск
|a Москва
|a Ленинград
|a Грозный
|c НКТП ГОНТИ СССР
|d 1935
|
| 215 |
|
|
|a 44 с.
|c карта
|
| 461 |
|
1 |
|0 (RuTPU)RU\TPU\book\339181
|t Материалы по геологии и полезным ископаемым Восточной Сибири
|v № 10: Геологическая съемка местности между г. Сретенском и Букачачинским угольным месторождением
|d 1930-
|
| 606 |
|
|
|a Геологическая съемка
|2 stltpush
|3 (RuTPU)RU\TPU\subj\6039
|9 34003
|
| 610 |
1 |
|
|a Восточная Сибирь
|
| 610 |
1 |
|
|a Красноярский край
|
| 610 |
1 |
|
|a геологосъемочные работы
|
| 675 |
|
|
|a 550.8:528
|v 4
|
| 700 |
|
1 |
|a Клевенский
|b П. М.
|
| 712 |
0 |
2 |
|a Главное геолого-гидро-геодезическое управление (ГГГГУ)
|c (1933-1935)
|2 stltpush
|3 (RuTPU)RU\TPU\col\16450
|
| 801 |
|
1 |
|a RU
|b 63413507
|c 20160203
|
| 801 |
|
2 |
|a RU
|b 63413507
|c 20160413
|g RCR
|
| 942 |
|
|
|c BK
|